Statistics for The Americas Geography By Letter - L

Click here to take the quiz!

General Stats

  • This quiz has been taken 451 times
    (435 since last reset)
  • The average score is 6 of 20

Answer Stats

HintAnswer% Correct
The Capitol of BoliviaLa Paz
93%
The capital of PeruLima
88%
U.S. state that houses New Orleans and the mouth of the Mississippi RiverLouisiana
80%
An island in New York State stretching from NYC into the Atlantic Ocean.Long Island
74%
The State Capitol of MichiganLansing
66%
A distinct, northerly region of a Canadian province wich also houses Newfoundland.Labrador
62%
The center of Pennsylvania Dutch CountryLancaster County
41%
A New Mexican town with a National Laboratory, which was founded to undertake the Manhattan Project.Los Alamos
22%
City in Kansas that houses the United States Disciplinary Barracks and United States PenitentiaryLeavenworth
21%
Large Canadian city halfway between Toronto, Ontario and Detroit, Michigan.London
21%
The first mass-produced suburb and archetype for postwar suburbs throughout the U.S.Levittown
13%
A Costa Rican seaport on the Carribean SeaLimón
7%
"The First Town in The First State."Lewes
4%
Southeaster Province of the Dominican RepublicLa Romana Province
2%
A region in southwestern Pennsylvania that houses Fort Necessity, FLW's Fallingwater and Ohiopyle State ParkLaurel Highlands
2%
A National Park at the mouth of the Columbia River in Washington, StateLewis and Clark National Historical Park
2%
A river in Arizona, providing the principal drainage from the Painted Desert region.Little Colorado River
2%
Small island in present day Nicaragua that was a British protectorate when the region was called the Mosquito CoastLittle Corn Island
2%
The capital of Arauco Province in Bío Bío Region in ChileLebu
1%
A large lake located in north central Minnesota, southeast of BemidjiLeech Lake
1%

Score Distribution

Percentile by Number Answered

Percent of People with Each Score

Your Score History

You have not taken this quiz since the last reset